| 000 | 00818nam a2200205 a 4500 | ||
|---|---|---|---|
| 005 | 20250225063822.0 | ||
| 008 | 991125s1981 es 000 0 spa u | ||
| 035 | _aUPN01000001882 | ||
| 049 | _aCE | ||
| 050 | 4 |
_aLB1733 _bP74 no.3 |
|
| 100 | 1 | _aAlcalá García, Tomás | |
| 245 | 1 | 0 |
_aAlteraciones visuales que inciden en la lecto-escritura : _bdiagnóstico y recuperación psicovisual y educativa / _cTomás Alcalá García. |
| 260 |
_aMadrid : _bCEPE, _c1981. |
||
| 300 |
_a30 p. : _bil. + _e4 objetos |
||
| 440 | 0 |
_aTests y psicodiagnóstico ; _v3 |
|
| 500 | _aIncluye: 1 hoja optotipo de visión lejana para ser utilizada a 3 metros de distancia -- Test de la visión de los valores -- 1 lámina negra -- 1 lentes negros con agujeros | ||
| 650 | 4 |
_aLectoescritura _92985 |
|
| 650 | 4 |
_aVISTA _96762 |
|
| 905 | _aLibro | ||
| 999 |
_c1882 _d1882 |
||